00322 a2200109 4500001001000000005001700010008004100027245003500068100002000103773007200123999001700195ART_2807420260410161951.0260409a 10aThe cash flow model with float1 aApreda, Rodolfo0 tJournal of applied economicsg- Vol. 2, NÂș 2 (nov. 1999)wREV28044 c30358d30358